Vom Frauenwahlrecht bis zu den Castortransporten: Überlieferungsdefizite bei nicht-amtlichem Schriftgut
| Titel: | Vom Frauenwahlrecht bis zu den Castortransporten: Überlieferungsdefizite bei nicht-amtlichem Schriftgut |
|---|---|
| Verfasser: | ; |
| In: |
Deutscher Archivtag (88. : 2018 : Rostock): Verlässlich, richtig, echt - Demokratie braucht Archive!, (2019), Seite 81-91 alle Artikel anzeigen |
| Veröffentlicht: | Fulda : Selbstverlag des VdA, 2019 |
| Umfang: | Illustrationen |
| Format: | Aufsatz |
| Sprache: | Deutsch |
X
alg: 45507003 001A $03036:05-11-19 001B $01999:05-11-19 $t22:47:02.000 001D $03036:05-11-19 001U $0utf8 001X $00 002@ $0Aou 002C $aText $btxt $2rdacontent 002D $aohne Hilfsmittel zu benutzen $bn $2rdamedia 002E $aBand $bnc $2rdacarrier 003@ $0455070032 007A $0455070032 $aHEB 010@ $ager 010E $erda 011@ $a2019 021A $aVom Frauenwahlrecht bis zu den Castortransporten: Überlieferungsdefizite bei nicht-amtlichem Schriftgut 028A $BVerfasser $4aut $71034792350 $8Bacia, Jürgen$Z1950- [Tp3] $9321532090 028C $BVerfasser $4aut $7113831633 $8Wenzel, Cornelia$Z1953- [Tp3] $9148187331 031A $h81-91 $j2019 033A $pFulda $nSelbstverlag des VdA 034M $aIllustrationen 039B $aEnthalten in $8--Aau--Deutscher Archivtag$n88.$d2018$cRostock [Tf3]. Verlässlich, richtig, echt - Demokratie braucht Archive!. - 1. Auflage. - Fulda : Selbstverlag des VdA, 2019. - 183 Seiten. - Illustrationen, Diagramme. - ISBN 978-3-9818504-2-0 $x201900000000000919 $9453066283 lok: 45507003 105 exp: 45507003 105 1 #EPN 201B/01 $005-11-19 $t14:23:59.000 201C/01 $005-11-19 201U/01 $0utf8 203@/01 $0106687381X 208@/01 $a05-11-19 $be 209A/01 $a/ $f106 $x00 237A/01 $aSignatur Archivschule Marburg: AD 20.4, 23 245Z/01 $a2.15.09. $bArchivwissenschaft und Archivtheorie / Archivsparten / Sonstige private Archive, öffentliche und private Dokumentationsstellen $x01 247C/01 $8->Marburg, Bibliographie zum Archivwesen der Archivschule Marburg $939588196X
| LEADER | 00000caa a2200000 c 4500 | ||
|---|---|---|---|
| 001 | 455070032 | ||
| 003 | DE-603 | ||
| 005 | 20191105224702.0 | ||
| 007 | tu | ||
| 008 | 191105s2019 xx |||| | u00||u|ger c | ||
| 035 | |a (DE-599)HEB455070032 | ||
| 040 | |a DE-603 |b ger |c DE-603 |d DE-603 |e rda | ||
| 041 | |a ger | ||
| 100 | 1 | |a Bacia, Jürgen |d 1950- |e Verfasser |4 aut |0 (DE-603)321532090 |0 (DE-588)1034792350 |2 gnd | |
| 245 | 0 | 0 | |a Vom Frauenwahlrecht bis zu den Castortransporten: Überlieferungsdefizite bei nicht-amtlichem Schriftgut |
| 264 | 1 | |a Fulda |b Selbstverlag des VdA |c 2019 | |
| 300 | |b Illustrationen | ||
| 336 | |a Text |b txt |2 rdacontent | ||
| 337 | |a ohne Hilfsmittel zu benutzen |b n |2 rdamedia | ||
| 338 | |a Band |b nc |2 rdacarrier | ||
| 700 | 1 | |a Wenzel, Cornelia |d 1953- |e Verfasser |4 aut |0 (DE-603)148187331 |0 (DE-588)113831633 |2 gnd | |
| 773 | 0 | 8 | |i Enthalten in |a Deutscher Archivtag (88. : 2018 : Rostock) |t Verlässlich, richtig, echt - Demokratie braucht Archive! |b 1. Auflage |d Fulda : Selbstverlag des VdA, 2019 |h 183 Seiten, Illustrationen, Diagramme |z 9783981850420 |g (2019), Seite 81-91 |w (DE-603)453066283 |
| 924 | 0 | |9 - |a (DE-603)106687381X |b DE- |c HES |d d |g / | |